000 00979nam a2200277 a 4500
001 000007079
005 20251127082331.0
008 090904s1986 dr 001 0 spa d
040 _aDO-SdBNP
_bspa
_cBNPHU
082 _a369.5
_bG934L
100 1 _aGuerrero, Donald
_919672
245 1 0 _aLuces Leonísticas /
_cDonald Guerrero.
260 _aSanto Domingo :
_bArtes Gráficas,
_c1986.
300 _a844 p. ;
_c22 cm.
500 _aIncluye datos biográficos del autor en la contracubierta
500 _aIncluye notas al pie de las páginas
500 _aIncluye índice
590 _aInventariado, 2018/LP
610 1 4 _aCLUB DE LEONES
_zREPÚBLICA DOMINICANA
_xCOLECCIONES DE ESCRITOS
_919673
610 1 4 _aCLUB DE LEONES
_zREPÚBLICA DOMINICANA
_xCORRESPONDENCIAS
_919674
650 4 _aClubes
_919675
650 0 _a Acción social
_99289
650 0 _aParticipación social
_977777
650 4 _aResponsabilidad social
_919676
910 _aValidado. Control de calidad MFF
999 _c6862
_d6862